|
|
|
|
| LEADER |
00000nam0a2200000 4500 |
| 001 |
32108 |
| 005 |
20231101210057.0 |
| 010 |
|
|
|a 5862180559
|
| 035 |
|
|
|a (RuTPU)RU\TPU\book\32403
|
| 035 |
|
|
|a BOOK00000482
|
| 090 |
|
|
|a 32108
|
| 100 |
|
|
|a 20011210e1993 k y0rusy50 ca
|
| 101 |
1 |
|
|a rus
|
| 102 |
|
|
|a RU
|
| 105 |
|
|
|a a z 001zy
|
| 200 |
1 |
|
|a Мифологическая библиотека
|f Аполлодор
|g сост. В. Г. Борухович
|
| 210 |
|
|
|a Москва
|c Наука
|d 1993
|
| 215 |
|
|
|a 216 с.
|c ил.
|
| 225 |
1 |
|
|a Литературные памятники
|
| 300 |
|
|
|a Репринтное воспроизведение текста издания 1959 г.
|
| 320 |
|
|
|a Указ. собственных имен: с. 186-214.
|
| 320 |
|
|
|a Список иллюстраций: с. 214.
|
| 606 |
|
|
|a Древний мир
|x Философия
|2 stltpush
|3 (RuTPU)RU\TPU\subj\71289
|9 85251
|
| 610 |
1 |
|
|a философия
|
| 610 |
1 |
|
|a античная философия
|
| 610 |
1 |
|
|a история
|
| 610 |
1 |
|
|a мифы
|
| 610 |
1 |
|
|a мифология
|
| 610 |
1 |
|
|a Древняя Греция
|
| 686 |
|
|
|a Ю3(0)3
|v LBC/SL-A
|2 rubbk
|
| 700 |
|
0 |
|a Аполлодор
|c древнегреческий скульптор и философ из Фалера
|c ученик Сократа
|f 5-4 вв. до н.э.
|2 stltpush
|3 (RuTPU)RU\TPU\pers\5431
|
| 702 |
|
1 |
|a Борухович
|b В. Г.
|4 220
|
| 801 |
|
0 |
|a RU
|b 63413507
|c 20011210
|g PSBO
|
| 801 |
|
2 |
|a RU
|b 63413507
|c 20171219
|g RCR
|
| 942 |
|
|
|c BK
|